000
00247nam a2200109Ia 4500
008
190216s9999||||xx |||||||||||||| ||und||
100
_a
Sarah Thomas
245
0
_a
Jeevithamenna Nadhi
260
_b
Nbs Kottayam
650
_a
Malayalam
942
_c
BK
999
_c
26121
_d
26121